| 000 | 00538nam a22001577a 4500 | ||
|---|---|---|---|
| 020 | _qHard Cover. | ||
| 082 | _a621.39 | ||
| 100 | _aAli, Usman | ||
| 245 |
_aAutomatic Cancerous Tissue Classification using Discrete Wavelet Transformation and Support Vector Machine _cUsman Ali |
||
| 260 |
_aIslamabad : _bCEME - NUST, _c2015. |
||
| 300 |
_a76 p. : ill. ; _c30cm. |
||
| 650 |
_aComputer Engineering-MS-Thesis _916083 |
||
| 700 |
_aDr. Arslan Shaukat. _929336 |
||
| 942 |
_2ddc _cTHE |
||
| 999 |
_c540681 _d540681 |
||